书目信息 |
| 题名: |
Prltel99SE多层电路板设计与制作
|
|
| 作者: | 程路 , 郑毅 , 向先波 编著 | |
| 分册: | ||
| 出版信息: | 北京 人民邮电出版社 2007.04 |
|
| 页数: | 272页 | |
| 开本: | 26cm | |
| 丛书名: | ||
| 单 册: | ||
| 中图分类: | TN410.2 | |
| 科图分类: | ||
| 主题词: | 印刷电路--yin shua dian lu--计算机辅助设计--应用软件 | |
| 电子资源: | ||
| ISBN: | 978-7-115-15781-2 | |
| 000 | 00981nam0 2200265 450 | |
| 001 | 012007979215 | |
| 005 | 20071106214046.75 | |
| 010 | @a978-7-115-15781-2@dCNY35.00 (含光盘) | |
| 100 | @a20071106d2007 km y0chiy0120 ea | |
| 101 | 0 | @achi |
| 102 | @aCN@b110000 | |
| 105 | @aa z 000yy | |
| 106 | @ar | |
| 200 | 1 | @aPrltel99SE多层电路板设计与制作@APrltel99SE duo ceng dian lu ban she ji yu zhi zuo@f程路, 郑毅, 向先波编著@Fcheng lu,zheng yi,xiang xian bo bian zhu |
| 210 | @a北京@c人民邮电出版社@d2007.04 | |
| 215 | @a272页@c图@d26cm@e光盘1片 | |
| 307 | @a光盘 ISBN: 978-7-89488-443-5 | |
| 330 | @a本书内容包括:Protel 99SE使用概述,多层电路板原理图设计,多层PCB设计基础,多层PCB设计实用技巧等。 | |
| 606 | 0 | @a印刷电路@Ayin shua dian lu@x计算机辅助设计@x应用软件 |
| 690 | @aTN410.2@v4 | |
| 701 | 0 | @a程路@Acheng lu@4编著 |
| 701 | 0 | @a郑毅@Azheng yi@4编著 |
| 701 | 0 | @a向先波@Axiang xian bo@4编著 |
| 801 | 0 | @aCN@b@c20071106 |
| 905 | @b265097-98@dTN410.2@eC758@f2 | |
| Prltel99SE多层电路板设计与制作/程路, 郑毅, 向先波编著.-北京:人民邮电出版社,2007.04 |
| 272页:图;26cm+光盘1片 |
| ISBN 978-7-115-15781-2:CNY35.00 (含光盘) |
| 本书内容包括:Protel 99SE使用概述,多层电路板原理图设计,多层PCB设计基础,多层PCB设计实用技巧等。 |
| ● |
| 相关链接 |
|
|
|
正题名:Prltel99SE多层电路板设计与制作
索取号:TN410.2/C758
 
预约/预借
| 序号 | 登录号 | 条形码 | 馆藏地/架位号 | 状态 | 备注 |
| 1 | 265097 | 202650979 | 自科库301/301自科库 27排1列1层/ [索取号:TN410.2/C758] | 在馆 | |
| 2 | 265098 | 202650988 | 自科库301/ [索取号:TN410.2/C758] | 在馆 |